=LDR 00000nam 2200000 4500 =001 INLIS000000000026728 =005 20130612125143 =008 ***********************************ind** =035 ##$$0010-061300000026728 =041 ##$$a ind =082 ##$$a 659.2 =090 ##$$a 659.2, ABD d =100 ##$$a Abdurrachman, Oemi =245 ##$$a Dasar-dasar public relations, Oemi Abdurrachman =260 ##$$a 2001 $b Bandung =300 ##$$a 132 hlm., ilus., 21 cm =650 ##$$a Hubungan Masyarakat =850 ##$$a NBPNMAT =990 ##$$a 0001/BPAP-NTB/20142015